000
00461nam a2200169Ia 4500
008
090711s9999 xx 000 0 und d
082
_b
75063
100
_a
डंके विनायक
245
_a
झपाटलेली
260
_c
1994
300
_a
212
600
_a
डंके विनायक
630
_a
झपाटलेली
700
_a
डंके विनायक
730
_a
झपाटलेली
942
_c
BOOK
999
_c
295010
_d
295010